Membentuk syurga rumahtangga untuk bacaan suami & isteri

Bibliographic Details
Main Author: Zuhriah Mohamad Juoi
Corporate Author: Title
Format: Book
Published: Selangor : Karya Bestari , 2004
Subjects:

MARC

LEADER 00000cam a2200000 7i4500
001 0000012326
005 20071212.0
008 071212
020 |a 9678602067 
090 0 0 |a 297.577   |b ZUH 
100 0 |a Zuhriah Mohamad Juoi 
245 1 0 |a Membentuk syurga rumahtangga untuk bacaan suami & isteri   |c Zuhriah Mohamad Juoi 
260 |a Selangor :   |b Karya Bestari ,   |c 2004 
650 0 |a Family   |x Religious 
650 0 |a Marriage   |x Religious aspect   |x Islam 
710 0 |a Title 
999 |a 0001007307   |b Book   |c Adult Collection   |e Perbadanan Perpustakaan Awam Johor